Residential Market forecast 2003 (Record no. 72064)
[ view plain ]
| 000 -LEADER | |
|---|---|
| fixed length control field | 01062cam a2200193 4500 |
| 008 - FIXED-LENGTH DATA ELEMENTS--GENERAL INFORMATION | |
| fixed length control field | 030205n2003 000 0 eng u |
| 035 ## - SYSTEM CONTROL NUMBER | |
| System control number | (Sirsi) u121253 |
| 245 ## - TITLE STATEMENT | |
| Title | Residential Market forecast 2003 |
| 260 ## - PUBLICATION, DISTRIBUTION, ETC. | |
| Date of publication, distribution, etc. | 2003 |
| 490 ## - SERIES STATEMENT | |
| Series statement | FPD Savills Research |
| Volume/sequential designation | January 2003, (1) |
| 520 ## - SUMMARY, ETC. | |
| Summary, etc. | Latest research from FPD Savills shows UK house prices are expected to rise by an average of 12% in 2003. The prices have been rising quickly due to a re-valuation of the housing market due to low interest rates meaning the average UK household can afford a mortgage three times as large as in the 1980s. However, concerns about household debt are threatening future growth prospects. For FPD Savills News Release: http://www.fpdsavills.co.uk/research.asp?content=%5Cuber%5Fresearch%5C2900%2Ehtm&subcategory=none&contenttype=research&category= |
| 590 ## - LOCAL NOTE (RLIN) | |
| Local note | WB |
| 650 ## - SUBJECT ADDED ENTRY--TOPICAL TERM | |
| Topical term or geographic name entry element | FPD SAVILLS |
| 650 ## - SUBJECT ADDED ENTRY--TOPICAL TERM | |
| Topical term or geographic name entry element | HOUSE PRICE SURVEY |
| 650 ## - SUBJECT ADDED ENTRY--TOPICAL TERM | |
| Topical term or geographic name entry element | INTEREST RATES |
| 650 ## - SUBJECT ADDED ENTRY--TOPICAL TERM | |
| Topical term or geographic name entry element | MORTGAGE DEBT |
| 690 ## - LOCAL SUBJECT ADDED ENTRY--TOPICAL TERM (OCLC, RLIN) | |
| Topical term or geographic name as entry element | PROPERTY-RESIDENTIAL PROPERTY-RESIDENTIAL PROPERTY MARKET |
| 942 ## - ADDED ENTRY ELEMENTS (KOHA) | |
| Suppress in OPAC | 0 |
| Withdrawn status | Lost status | Source of classification or shelving scheme | Damaged status | Not for loan | Home library | Current library | Shelving location | Date acquired | Total Checkouts | Barcode | Date last seen | Copy number | Price effective from | Koha item type |
|---|---|---|---|---|---|---|---|---|---|---|---|---|---|---|
| Dewey Decimal Classification | London | London | News article | 05/02/2003 | 121253-1001 | 06/08/2019 | 1 | 06/08/2019 | News article |